000 01228cam a2200349 i 4500
001 3718325
003 ARRUPE
005 20131219134438.0
008 801222s1981 mau b 001 0 eng
010 _a 80041750
015 _aGB81
020 _a0521237572
020 _a0521282128 (pbk.)
040 _aDLC
_cDLC
_dDLC
043 _ae------
050 0 0 _aCB203
_b.E54
082 0 0 _a940.2/53
_219
245 0 4 _aThe Enlightenment in national context /
_cedited by Roy Porter and Mikulás̆ Teich.
260 _aCambridge ;
_aNew York :
_bCambridge University Press,
_c1981.
300 _axii, 275 p. ;
_c24 cm.
500 _aIncludes index.
504 _aBibliography: p. 260-267.
650 0 _aEnlightenment
_zEurope.
_96021
651 0 _aEurope
_xIntellectual life
_y18th century.
_96022
651 0 _aEurope
_xHistory
_y18th century.
_96023
700 1 _aPorter, Roy,
_d1946-2002.
_96024
700 1 _aTeich, Mikulás̆.
_96025
856 4 2 _3Publisher description
_uhttp://www.loc.gov/catdir/enhancements/fy0617/80041750-d.html
856 4 1 _3Table of contents only
_uhttp://www.loc.gov/catdir/enhancements/fy0617/80041750-t.html
906 _a7
_bcbc
_corignew
_du
_eocip
_f19
_gy-gencatlg
942 _2lcc
_cMONOGRAPH
999 _c119370
_d119370